Sokolovňa - Senica

Zobrazenie: V bielom orámovaní pohľad na budovu Sokolovne, pred ktorou je košatý strom

Podrobná bibliografia
Ďalší autori: Protiva, V. (fotograf) (Fotograf)
Médium: Pohľadnica
Jazyk:slovenčina
Fyzický popis:1 pohľadnica čiernobiela 9 x 14 cm
Vydavateľské údaje: [Senica?] [Jozef Lukáčik?] [medzi 1905 a 1973?]
Predmet:

MARC

LEADER 00000ckm a2200000 a 4500
001 vtls011705380
003 SK-MaSNL
005 20260512122913.0
007 kp bo
008 230718q1905 xo g 0k|slo
015 |a SNBG 
035 |a urn:nbn:sk:snk-km00do8u 
035 |a urn:nbn:sk:snk-km3lz1b 
035 |a 4387DC10-2CD8-4A8F-B519-F480BEEC388E 
040 |a SNK  |b slo  |c SNK  |e AACR2 
041 0 |a slo 
043 |a e-xo--- 
044 |a xo  |c SK 
072 7 |a 913  |x Regionálna geografia  |2 konspekt 
080 |a 913(437.6)  |2 2011 
080 |a (084.121)  |2 2011 
080 |a 721  |2 2011 
100 1 |a Protiva, V.  |c (fotograf)  |4 pht  |9 427882 
245 1 0 |a Sokolovňa - Senica  |h grafika  |c foto-V. Protiva 
260 |a [Senica?]  |b [Jozef Lukáčik?]  |c [medzi 1905 a 1973?] 
300 |a 1 pohľadnica  |b čiernobiela  |c 9 x 14 cm 
500 |a Názvové údaje prevzaté z obrazovej časti pohľadnice 
500 |a Vydavateľské údaje uvedené na základe razítka na adresnej časti 
520 8 |a Zobrazenie: V bielom orámovaní pohľad na budovu Sokolovne, pred ktorou je košatý strom 
650 0 7 |a budovy  |2 SNKPH  |9 1283 
651 7 |a Senica (Slovensko)  |2 SNKPH  |9 25102 
655 7 |a miestne pohľadnice  |2 SNKPH  |9 70510 
852 |a Slovenská národná knižnica 
954 |a pohľadnice pôvodné (slovenské)  |2 lita 
958 |a OND 
958 |a GBN 
958 |a GC 
999 |c 679840  |d 681770 
952 |a SNK  |b SNK  |y PREZ  |7 0  |p 17A1225607  |o snkSP 21055  |0 0  |1 0  |4 0  |d 2017-08-02  |f 1  |l 0  |r 2026-02-23 19:53:45  |w 2026-02-23